Za obchodem na jih Afriky
Pozitíva a podnikateľské príležitosti v Juhoafrickej republike (JAR). Nerastné bohatstvo krajiny. Klíma a poloha. Negatíva Južnej Afriky. Ekonomicko-politická nevyváženosť. Kriminalita, AIDS a chudoba. Juhoafrická republika ako jeden z najkomplikovanejších svetových regiónov.
Gespeichert in:
| 1. Verfasser: | |
|---|---|
| Format: | Buchkapitel |
| Sprache: | Tschechisch |
| Schlagworte: | |
| Tags: |
Keine Tags, Fügen Sie das erste Tag hinzu!
|
MARC
| LEADER | 00000naa$a2200000$$$4500 | ||
|---|---|---|---|
| 001 | 0059799 | ||
| 005 | 20231018130439.4 | ||
| 041 | 0 | |a cze | |
| 044 | |a CZ | ||
| 245 | 1 | 0 | |a Za obchodem na jih Afriky |c Karel Havlíček |
| 520 | |a Pozitíva a podnikateľské príležitosti v Juhoafrickej republike (JAR). Nerastné bohatstvo krajiny. Klíma a poloha. Negatíva Južnej Afriky. Ekonomicko-politická nevyváženosť. Kriminalita, AIDS a chudoba. Juhoafrická republika ako jeden z najkomplikovanejších svetových regiónov. | ||
| 610 | 2 | 0 | |a obchod |
| 610 | 2 | 0 | |a trh |
| 610 | 2 | 0 | |a situácia hospodárska |
| 610 | 2 | 0 | |a investície zahraničné |
| 610 | 2 | 0 | |a úroveň životná |
| 610 | 2 | 0 | |a podmienky životné |
| 610 | 2 | 0 | |a bohatstvo prírodné |
| 610 | 2 | 0 | |a podnebie |
| 610 | 2 | 0 | |a kriminalita |
| 610 | 2 | 0 | |a chudoba |
| 610 | 2 | 0 | |a obyvateľstvo |
| 610 | 2 | 0 | |a Afrika |
| 100 | 1 | |a Havlíček, Karel | |